000 00657nam a2200265Ia 4500
005 20260121172112.0
008 008 260114s9999 xx 000 0 eng d
020 _a9783030477974
037 _aEBOOK
040 _aCRL
040 _beng
040 _cCRL
041 _2eng
041 _aeng
084 _qCRL
100 _aJennifer D. Chandler
_91084286
245 0 _aInnovation, Social Networks, and Service Ecosystems
260 _bSpringer
260 _bSpringer
260 _c2020
856 _uhttps://link.springer.com/openurl?genre=book&isbn=978-3-030-47797-4
942 _cEBOOK
999 _c1650020
_d1650020